<?xml version="1.0" encoding="UTF-8"?>
<collection xmlns="http://www.loc.gov/MARC21/slim">
 <record>
  <leader>01124nam a2200205Ia 4500</leader>
  <controlfield tag="001">TDMU_6885</controlfield>
  <controlfield tag="008">210410s9999    xx            000 0 und d</controlfield>
  <datafield tag="082" ind1=" " ind2=" ">
   <subfield code="a">895.9223</subfield>
  </datafield>
  <datafield tag="090" ind1=" " ind2=" ">
   <subfield code="b">NG528</subfield>
  </datafield>
  <datafield tag="100" ind1=" " ind2=" ">
   <subfield code="a">NguyêÌƒn, ThaÌ€nh ThiÌ£</subfield>
  </datafield>
  <datafield tag="245" ind1=" " ind2="0">
   <subfield code="a">ThaÌ£ch Lam vaÌ€ nhưÌƒng taÌc phâÌ‰m tiêu biêÌ‰u</subfield>
  </datafield>
  <datafield tag="245" ind1=" " ind2="0">
   <subfield code="c">NguyêÌƒn ThaÌ€nh ThiÌ£ (Sưu tâÌ€m)</subfield>
  </datafield>
  <datafield tag="260" ind1=" " ind2=" ">
   <subfield code="a">H.</subfield>
  </datafield>
  <datafield tag="260" ind1=" " ind2=" ">
   <subfield code="b">GiaÌo duÌ£c</subfield>
  </datafield>
  <datafield tag="260" ind1=" " ind2=" ">
   <subfield code="c">2002</subfield>
  </datafield>
  <datafield tag="300" ind1=" " ind2=" ">
   <subfield code="a">235tr</subfield>
  </datafield>
  <datafield tag="520" ind1=" " ind2=" ">
   <subfield code="a">ToÌm tăÌt tiêÌ‰u sưÌ‰ cuôÌ£c đơÌ€i, sưÌ£ nghiêÌ£p vaÌ€ môÌ£t sôÌ taÌc phâÌ‰m tiêu biêÌ‰u thuôÌ£c nhiêÌ€u thêÌ‰ loaÌ£i khaÌc nhau như: truyêÌ£n ngăÌn, tiêÌ‰u thuyêÌt, buÌt kiÌ...; NV Văn học Việt Nam hiện đại 1 (1900 - 1945)</subfield>
  </datafield>
  <datafield tag="650" ind1=" " ind2=" ">
   <subfield code="a">ThaÌ£ch Lam;  NguyêÌƒn TươÌ€ng Lân; TaÌc gia taÌc phâÌ‰m</subfield>
  </datafield>
  <datafield tag="856" ind1=" " ind2=" ">
   <subfield code="u">http://lrc.tdmu.edu.vn/opac/search/detail.asp?aID=2&amp;ID=6885</subfield>
  </datafield>
  <datafield tag="980" ind1=" " ind2=" ">
   <subfield code="a">Trung tâm Học liệu Trường Đại học Thủ Dầu Một</subfield>
  </datafield>
 </record>
</collection>
